000 00244nam a2200097Ia 4500
001 709761
005 20250826162553.0
008 250824s9999 xx 000 0 und d
245 0 _aSERGÜZEŞT
_cSAMİPAŞAZADE SEZAİ
260 _bAKVARYUM YAYINLARI
999 _c709761
_d709761